| 000 | 00676nam a22001697a 4500 | ||
|---|---|---|---|
| 008 | 150312b xxu||||| |||| 00| 0 eng d | ||
| 050 | _aZ2014.D7H25 | ||
| 100 |
_aHarbage, A. _916312 |
||
| 245 |
_aAnnals of English drama 975-1700 _ban analytical record of all plays, extant or lost, chronologicallty arranged and indexed by authors, titles, dramatic companies _c/by Alfred Harbage |
||
| 260 |
_aLondon _bMethuen _c1964 |
||
| 300 |
_axvii,321p. ; _c26cm. |
||
| 650 |
_aEnglish drama _xBibliography _916313 |
||
| 650 |
_aEnglish literature _xChronology _916314 |
||
| 650 |
_aTheatre _zEngland _916315 |
||
| 700 |
_aSchoenbaum,Samuel _916316 _eed. |
||
| 942 |
_2lcc _cMONOGRAPH |
||
| 999 |
_c122433 _d122433 |
||